ბათუმის შოთა რუსთაველის სახელმწიფო უნივერსიტეტის ბიბლიოთეკა

Лукиан из Самосаты : (ბიბ.ჩანაწერი № 60893)

000 -LEADER
fixed length control field 00693nam a22001457a 4500
005 - DATE AND TIME OF LATEST TRANSACTION
control field 20231115120733.0
008 - FIXED-LENGTH DATA ELEMENTS--GENERAL INFORMATION
fixed length control field 231115s1962 ru ||||| |||| 00| 0 rus d
041 ## - LANGUAGE CODE
Language code of text/sound track or separate title rus
080 ## - UNIVERSAL DECIMAL CLASSIFICATION NUMBER
Universal Decimal Classification number 821.14'02-82.03=161.1 Л-84
245 ## - TITLE STATEMENT
Title Лукиан из Самосаты :
Remainder of title Избранное /
Statement of responsibility, etc. Перевод с древнегреческого; Составление и комментарии И. Нахова и Ю. Шульца
264 ## - PRODUCTION, PUBLICATION, DISTRIBUTION, MANUFACTURE, AND COPYRIGHT NOTICE
Place of production, publication, distribution, manufacture Москва :
Name of producer, publisher, distributor, manufacturer Госиздат художественной литературы,
Date of production, publication, distribution, manufacture, or copyright notice 1962.
300 ## - PHYSICAL DESCRIPTION
Extent 516 с.:
Other physical details ил.;
Dimensions 20 см.
653 ## - INDEX TERM--UNCONTROLLED
keyword ძველი ბერძნული ლიტერატურა
942 ## - ADDED ENTRY ELEMENTS (KOHA)
Source of classification or shelving scheme
Koha item type წიგნი
ეგზემპლარები
Withdrawn status Lost status Source of classification or shelving scheme Damaged status Not for loan Permanent Location Current Location Shelving location Date acquired Cost, normal purchase price Full call number Barcode Date last seen Copy number Uniform Resource Identifier Price effective from Koha item type Public note
          ბათუმის შოთა რუსთაველის სახელმწიფო უნივერსიტეტის მთავარი ბიბლიოთეკა ბათუმის შოთა რუსთაველის სახელმწიფო უნივერსიტეტის მთავარი ბიბლიოთეკა წიგნსაცავი 2023-11-15 12.00 821.14'02-82.03=161.1 Л-84 65459 2023-11-15 65459 ბსუ-ს საპატიო დოქტორის გურამ ლორთქიფანიძის საჩუქარი 2023-11-15 წიგნი 12 ლ.